| 000 | 00892nam a2200277 i 4500 | ||
|---|---|---|---|
| 003 | EG-GICUC | ||
| 005 | 20260328110638.0 | ||
| 008 | 260328s1929 fr ||||fr|||| 00| 0 fre d | ||
| 040 |
_aEG-GiCUC _bfre _cEG-GiCUC _dEG-GiCUC _eRda |
||
| 082 | 0 | 4 |
_221 _a341.79 _bDE . S |
| 092 | 0 | 4 | _221 |
| 099 | _aLaw1 11 341.79 DE . S 1929 | ||
| 100 | 1 |
_aDelos,J.T _eAuteur |
|
| 245 |
_aLa Sociètè Internationale Et Les Principes Du Droit Public / _cJ.T.Delos . |
||
| 264 | 1 |
_aParis : _bA.Pedone , _c1929 . |
|
| 300 |
_a343 page ; _c24 cm. |
||
| 336 |
_2rda contenu _a texte |
||
| 337 |
_2rda medias _aOrdinateur |
||
| 338 |
_2 transporteur rda _a Ressource en ligne |
||
| 546 | _aTexte en français | ||
| 650 | _aDroit International Public | ||
| 650 | _aDroit Du Commerce International | ||
| 856 | 4 | 0 | _uhttps://fll.law.cu.edu.eg/fulltext/bks/B11-07488.pdf |
| 905 | _a59 | ||
| 942 |
_2ddc _n0 _cBK _e21 |
||
| 999 |
_c67070 _d67070 |
||